00390nam a2200169Ia 4500003000400000005001700004008004100021020001800062040000700080041000800087082001900095100002200114245001900136260003600155300001500191365001400206OSt20230511162527.0210423s2009 xx 000 0 und d a9781429203142 cAL aeng a581223b SMIA aSMITH (Alison M). aPlant biology. aNew YorkbGarland Sciencec2009 axv,664bPB b2888cINR